<?xml version="1.0" encoding="UTF-8"?>
<record
    xmlns:xsi="http://www.w3.org/2001/XMLSchema-instance"
    xsi:schemaLocation="http://www.loc.gov/MARC21/slim http://www.loc.gov/standards/marcxml/schema/MARC21slim.xsd"
    xmlns="http://www.loc.gov/MARC21/slim">

  <leader>01107cam a2200193Ia 4500</leader>
  <datafield tag="020" ind1=" " ind2=" ">
    <subfield code="a">9789251061312</subfield>
  </datafield>
  <datafield tag="020" ind1=" " ind2=" ">
    <subfield code="a">9251061319</subfield>
  </datafield>
  <datafield tag="040" ind1=" " ind2=" ">
    <subfield code="c">BTCTA</subfield>
  </datafield>
  <datafield tag="082" ind1=" " ind2=" ">
    <subfield code="a">664 FOO 2009 A090 Or.</subfield>
  </datafield>
  <datafield tag="245" ind1="0" ind2="0">
    <subfield code="a">Guidelines for risk-based fish inspection</subfield>
  </datafield>
  <datafield tag="260" ind1=" " ind2=" ">
    <subfield code="a">Rome :</subfield>
    <subfield code="b">Food and Agriculture Organization of the United Nations,</subfield>
    <subfield code="c">2009</subfield>
  </datafield>
  <datafield tag="300" ind1=" " ind2=" ">
    <subfield code="a">viii, 89 p. :</subfield>
    <subfield code="b">ill. ;</subfield>
    <subfield code="c">30 cm</subfield>
  </datafield>
  <datafield tag="520" ind1=" " ind2=" ">
    <subfield code="a">Fish and fishery products are nutritious and healthy and are an important source of food and livelihood for many millions of people worldwide. Fish inspection is concerned with ensuring that the consumer has access to safe and nutritious fish and fish products, whether the fish is from domestic sources of supply, imported or to be exported to consumers in another country. The present guidelines will assist fish inspectors to carry out these responsibilities.--Publisher's description</subfield>
  </datafield>
  <datafield tag="650" ind1=" " ind2="0">
    <subfield code="a">Fish inspection</subfield>
  </datafield>
  <datafield tag="650" ind1=" " ind2="0">
    <subfield code="a">Food adulteration and inspection</subfield>
  </datafield>
  <datafield tag="710" ind1="2" ind2=" ">
    <subfield code="a">Food and Agriculture Organization of the United Nations</subfield>
  </datafield>
  <datafield tag="856" ind1="1" ind2="1">
    <subfield code="u">ftp://ftp.fao.org/docrep/fao/011/i0468e/i0468e00.pdf</subfield>
  </datafield>
  <datafield tag="942" ind1=" " ind2=" ">
    <subfield code="c">EK</subfield>
  </datafield>
  <datafield tag="999" ind1=" " ind2=" ">
    <subfield code="c">15975</subfield>
    <subfield code="d">15975</subfield>
  </datafield>
  <datafield tag="952" ind1=" " ind2=" ">
    <subfield code="0">0</subfield>
    <subfield code="1">0</subfield>
    <subfield code="4">0</subfield>
    <subfield code="6">664_000000000000000_FOO_2009_A090_OR</subfield>
    <subfield code="7">0</subfield>
    <subfield code="9">69765</subfield>
    <subfield code="a">LBA</subfield>
    <subfield code="b">LBA</subfield>
    <subfield code="c">A090</subfield>
    <subfield code="d">2017-12-20</subfield>
    <subfield code="o">664 FOO 2009 A090 Or.</subfield>
    <subfield code="p">A13649</subfield>
    <subfield code="r">2017-12-20</subfield>
    <subfield code="w">2017-12-20</subfield>
    <subfield code="y">EK</subfield>
  </datafield>
  <datafield tag="952" ind1=" " ind2=" ">
    <subfield code="0">0</subfield>
    <subfield code="1">0</subfield>
    <subfield code="4">0</subfield>
    <subfield code="6">664_000000000000000_FOO_2009_A090_OR</subfield>
    <subfield code="7">0</subfield>
    <subfield code="9">69766</subfield>
    <subfield code="a">LBA</subfield>
    <subfield code="b">LBA</subfield>
    <subfield code="c">A090</subfield>
    <subfield code="d">2017-12-20</subfield>
    <subfield code="o">664 FOO 2009 A090 Or.</subfield>
    <subfield code="p">A14594</subfield>
    <subfield code="r">2017-12-20</subfield>
    <subfield code="y">EK</subfield>
  </datafield>
</record>
